What Activities Do Happy People Prefer to Devote Their Energy to?

Sociálny prieskum na Slovensku zameraný na kvalitu života, blahobyt a spokojnosť a ich vzájomné vzťahy medzi nimi. Výsledky prieskumu zacielené na vzťahy medzi subjektívnym pocitom šťastia a činnosťami, ktorými šťastní ľudia venujú najviac zo svojej energie. Činnosti rozdelené podľa nasledujúcich ka...

Ausführliche Beschreibung

Gespeichert in:
Bibliographische Detailangaben
1. Verfasser: Šajgalíková, Helena
Weitere Verfasser: Copuš, Lukáš, Poláková, Michaela
Format: Buchkapitel
Sprache:Englisch
Schlagworte:
Tags: Tag hinzufügen
Keine Tags, Fügen Sie das erste Tag hinzu!

MARC

LEADER 00000naa a2200000 4500
001 0250162
005 20240502083714.1
041 0 |a eng 
044 |a ES 
245 1 0 |a What Activities Do Happy People Prefer to Devote Their Energy to?  |c Helena Šajgalíková, Lukáš Copuš, Michaela Poláková 
520 |a Sociálny prieskum na Slovensku zameraný na kvalitu života, blahobyt a spokojnosť a ich vzájomné vzťahy medzi nimi. Výsledky prieskumu zacielené na vzťahy medzi subjektívnym pocitom šťastia a činnosťami, ktorými šťastní ľudia venujú najviac zo svojej energie. Činnosti rozdelené podľa nasledujúcich kategórií: voľnočasové aktivity, osobný, profisijný rozvoj a orgnanizačný rozvoj. Sumarizácia prieskumu. 
610 2 0 |a čas voľný 
610 2 0 |a spokojnosť v práci 
610 2 0 |a kvalita života 
610 2 0 |a emócie 
610 2 0 |a psychológia 
610 2 0 |a psychológia práce 
610 2 0 |a zamestnanci 
100 1 |a Šajgalíková, Helena 
700 1 |a Copuš, Lukáš 
700 1 |a Poláková, Michaela